00943cam a2200229 a 4500999001500000001000500015003000900020005001700029008004100046010001700087020001500104040003800119082002200157100002700179245012900206260011800335300004100453650006400494700002300558942001200581952012000593 c2600d26005281BD-DhUAP20200226124021.0010620s2000 bg ab 000 0 eng  a 2001292938 a9847730008 aBD-DhUAPcBD-DhUAPdBD-DhUAPbEng a720.95492 MIA2231 aMiah, Md. Abul Hashem.10aArchaeological survey report of Greater Faridpur District /cMd. Abul Hashem Miah ; edited by Nazimuddin Ahmed ... [et al.]. aDhaka :bDept. of Archaeology, Ministry of Cultural Affairs, Govt. of the People's Republic of Bangladesh,c2000. a188 pages :billustrations ;c29 cm. 0aExcavations (Archaeology)zBangladeshzFarīdpur District.1 aAhmed, Nazimuddin, 2ddccBK 00102ddc4070aUAPCLbUAPCLcGeneral Stacksd2020-02-26o720.95492 MIAp3010005281r2020-02-26t1w2020-02-26yBK